000 00423nam a22001697a 4500
003 OSt
005 20251230120956.0
008 251230b |||||||| |||| 00| 0 eng d
040 _aLC
_cJCSC
050 _aDS 918
_b.R44 1964
100 _aDavid Rees
245 _aKorea :
_bThe limited war /
_cRees D.
260 _aDehra dun :
_bNatraj ;
_c1964.
300 _a510 pages.
504 _aIncludes index.
942 _2lcc
_cBK
_n0
999 _c23363
_d23362